| 000 | 00514nam a2200145 a 4500 | ||
|---|---|---|---|
| 001 | 000033599 | ||
| 005 | 20200930070357.0 | ||
| 008 | 110901s1862 fr a 000 0 fre d | ||
| 040 |
_aDO-SdBNP _bspa _cBNPHU |
||
| 082 |
_axxx _bR811v |
||
| 100 | 1 |
_aRoselly de Lorgues _cComte _d1805-1898 _959086 |
|
| 245 | 1 | 0 |
_aViet et voyages de Christophe Colomb : _bD'après des documents authentiques, Tirès d'espagne et D'italie / _cRoselly de Lorgues. |
| 260 |
_aParis : _bMorizot, _c1862. |
||
| 300 |
_aiii, 518 p. : _bil. ; _c25 cm. |
||
| 999 |
_c33090 _d33090 |
||